Devil Stories : (Record no. 261009)
[ view plain ]
| 000 -LEADER | |
|---|---|
| fixed length control field | 01639cam a22002653a 4500 |
| 001 - CONTROL NUMBER | |
| control field | 31754 |
| 003 - CONTROL NUMBER IDENTIFIER | |
| control field | PGUSA |
| 005 - DATE AND TIME OF LATEST TRANSACTION | |
| control field | 20140828083703.0 |
| 008 - FIXED-LENGTH DATA ELEMENTS--GENERAL INFORMATION | |
| fixed length control field | 100324s2010||||xxu|||||s|||||000 1 eng d |
| 040 ## - CATALOGING SOURCE | |
| Original cataloging agency | PGUSA |
| Language of cataloging | eng |
| 042 ## - AUTHENTICATION CODE | |
| Authentication code | dc |
| 050 #4 - LIBRARY OF CONGRESS CALL NUMBER | |
| Classification number | PN |
| 245 10 - TITLE STATEMENT | |
| Title | Devil Stories : |
| Remainder of title | An Anthology |
| Medium | [electronic resource] |
| 260 ## - PUBLICATION, DISTRIBUTION, ETC. (IMPRINT) | |
| Name of publisher, distributor, etc | Project Gutenberg, |
| Date of publication, distribution, etc | 2010 |
| 505 0# - FORMATTED CONTENTS NOTE | |
| Formatted contents note | The devil in a nunnery, by F.O. Mann -- Belphagor; or, The marriage of the devil, by N. Machiavelli -- The devil and Tom Walker, by W. Irving -- From the memoirs of Satan, by W. Hauff -- St. John's eve, by N.V. Gógol; tr. by Isabel F. Hapgood -- The devil's wager, by W.M. Thackeray -- The painter's bargain, by W.M. Thackeray -- Bon-Bon, by E.A. Poe -- The printer's devil, anonymous -- The devil's mother-in-law, by F. Caballero; tr. by J.H. Ingram -- The generous gambler, by C.P. Baudelaire; tr. by A. Symons -- The three low masses, by A. Daudet; tr. by R. Routledge -- Devil-puzzlers, by F.B. Perkins -- The devil's round, by C. Deulin; tr. by Isabel Bruce -- The legend of Mont St.-Michel, by G. de Maupassant -- The demon pope, by R. Garnett -- Madam Lucifer, by R. Garnett -- Lucifer, by A. France; tr. by A. Allinson -- The devil, by M. Górky; tr. by L. Wiener -- The devil and the old man, by J. Masefield. |
| 506 ## - RESTRICTIONS ON ACCESS NOTE | |
| Terms governing access | Public domain in the USA. |
| 516 ## - TYPE OF COMPUTER FILE OR DATA NOTE | |
| Type of computer file or data note | Electronic text |
| 653 ## - INDEX TERM--UNCONTROLLED | |
| Uncontrolled term | Short stories |
| 653 ## - INDEX TERM--UNCONTROLLED | |
| Uncontrolled term | Devil -- Fiction |
| 653 ## - INDEX TERM--UNCONTROLLED | |
| Uncontrolled term | Devil in literature |
| 700 1# - ADDED ENTRY--PERSONAL NAME | |
| Personal name | Rudwin, Maximilian J. |
| Fuller form of name | (Maximilian Josef), |
| Dates associated with a name | 1885- |
| 830 #0 - SERIES ADDED ENTRY--UNIFORM TITLE | |
| Uniform title | Project Gutenberg |
| Volume number/sequential designation | 31754 |
| 856 40 - ELECTRONIC LOCATION AND ACCESS | |
| Uniform Resource Identifier | <a href="http://www.gutenberg.org/ebooks/31754">http://www.gutenberg.org/ebooks/31754</a> |
| 942 ## - ADDED ENTRY ELEMENTS (KOHA) | |
| Koha item type | eBooks |
| Withdrawn status | Lost status | Damaged status | Home library | Current library | Date acquired | Total Checkouts | Date last seen | Price effective from | Koha item type |
|---|---|---|---|---|---|---|---|---|---|
| Project Gutenberg | Project Gutenberg | 08/28/2014 | 08/28/2014 | 08/28/2014 | eBooks |